00293nam a2200109Ia 4500008004100000041000800041082001200049100002100061245004900082260003300131300001900164241028s9999 xx 000 0 und d aeng a337 SAL aSalvatore,Sharma aInternational Economics An Indian Adaptation bWiley IndiaaNew Delhic2021 a660;. P. 25 cm